000 00698nmm a2200253 a 4500
003 AR-BaBNM
005 20251128202852.0
008 166119s1980 ||||||||||||||000 | spa||
040 _cAR-BaBNM
100 1 _aBeltramino, Juan Carlos M.
245 1 0 _aAntártida argentina
_bsu geografía física y humana
260 _aBuenos Aires
_bEl Ateneo
_c1980
300 _a135 p.
_bil., mapas
504 _aContiene bibliografía en p. 121-135
650 4 _aGEOGRAFIA
650 4 _aGEOGRAFIA FISICA
650 4 _aGEOGRAFIA HUMANA
650 4 _aREGIONES POLARES
651 4 _aArgentina
651 4 _aAntártida
700 1 _aDaus, Federico Alberto
_eprologuista
942 _cBK
998 _cEnrique
999 _c962
_d962